Vol. 215, № 5; Scientific American

Bibliografiske detaljer
Parent link:Scientific American=Наука и жизнь (сайентифик американ): [journal]. Vol. 215, № 5.— , 1966-1982
Sprog:russisk
Udgivet: 1966
Format: Bog
KOHA link:https://koha.lib.tpu.ru/cgi-bin/koha/opac-detail.pl?biblionumber=474469

MARC

LEADER 00000nam2a2200000 4500
001 474469
005 20231101092258.0
035 |a (RuTPU)RU\TPU\prd\140460 
035 |a RU\TPU\prd\140459 
090 |a 474469 
100 |a 20120516a20069999m y0rusy50 ca 
101 0 |a rus 
102 |a US 
200 0 |a Vol. 215, № 5 
210 |d 1966 
461 1 |0 (RuTPU)RU\TPU\prd\9  |t Scientific American  |l Наука и жизнь (сайентифик американ)  |o [journal]  |v Vol. 215, № 5  |d 1966-1982 
801 0 |a RU  |b 63413507  |c 20010227  |g PSBO 
801 1 |a RU  |b 63413507  |c 20060123  |g PSBO 
801 2 |a RU  |b 63413507  |c 20191106  |g PSBO 
942 |c BK 
999 |a НТБ_ТПУ  |b НФ  |e -4/20120110  |p П-4658  |u 0,00  |v 1  |x 10990